Rychlá cesta k účinnější reklamě!
Zoznam, ktorý pomôže marketingovým a reklamným riaditeľom pri zvyšovaní efektívnosti reklamy a zvýšiť návratnosť investícií do reklamy. Rozdelenie otázok do troch ústredných myšlienkových okruhov. Strategický kontext. Komunikačný koncept - reklama. Reklamné nápady - percepčný kontext. Kreatívne prev...
Gespeichert in:
| 1. Verfasser: | |
|---|---|
| Format: | Buchkapitel |
| Sprache: | Tschechisch |
| Schlagworte: | |
| Tags: |
Keine Tags, Fügen Sie das erste Tag hinzu!
|
MARC
| LEADER | 00000naa$a2200000$$$4500 | ||
|---|---|---|---|
| 001 | 0094414 | ||
| 005 | 20231019093645.2 | ||
| 041 | 0 | |a cze | |
| 044 | |a CZ | ||
| 245 | 1 | 0 | |a Rychlá cesta k účinnější reklamě! |c Walter Spitz |
| 520 | |a Zoznam, ktorý pomôže marketingovým a reklamným riaditeľom pri zvyšovaní efektívnosti reklamy a zvýšiť návratnosť investícií do reklamy. Rozdelenie otázok do troch ústredných myšlienkových okruhov. Strategický kontext. Komunikačný koncept - reklama. Reklamné nápady - percepčný kontext. Kreatívne prevedenie reklamy - formálne spracovanie. | ||
| 610 | 2 | 0 | |a reklama |
| 610 | 2 | 0 | |a investície |
| 610 | 2 | 0 | |a efektívnosť |
| 610 | 2 | 0 | |a marketing |
| 610 | 2 | 0 | |a stratégia marketingová |
| 610 | 2 | 0 | |a zákazníci |
| 610 | 2 | 0 | |a značky výrobkov |
| 100 | 1 | |a Spitz, Walter | |